| Tag |
First Indicator |
Second Indicator |
Subfields |
| LEADER |
00000cam a2200000 a 4500 |
| 001 |
in00000002754 |
| 007 |
he bmb024bbca |
| 008 |
990114s1998 dcu bb f000 0 eng c |
| 005 |
20230309222532.4 |
| 035 |
|
|
|a (OCoLC)ocm43185612
|
| 035 |
|
|
|9 AJD7809AM
|
| 035 |
|
|
|a in00000002754
|
| 037 |
|
|
|a 160451
|b GAO (202) 512-6000 (Voice); (202) 512-6061 (Fax)
|f paper copy
|
| 040 |
|
|
|a SPI
|c SPI
|d GPO
|d DLC
|d MvI
|d UtOrBLW
|
| 042 |
|
|
|a pcc
|
| 043 |
|
|
|a n-us---
|
| 049 |
|
|
|a UMIC
|
| 074 |
|
|
|a 0546-D (MF)
|
| 074 |
|
|
|a 0546-D (online)
|
| 086 |
0 |
|
|a GA 1.13:GGD-98-96
|
| 088 |
|
|
|a GAO/GGD-98-96
|
| 088 |
|
|
|a B-278804
|
| 110 |
1 |
|
|a United States.
|b General Accounting Office.
|
| 245 |
1 |
0 |
|a Tax administration :
|b ways to simplify the estimated tax penalty calculation : report to the Chairmen and ranking minority members, Committee on Finance, U.S. Senate, and Committee on Ways and Means, House of Representatives /
|c United States General Accounting Office.
|
| 246 |
3 |
0 |
|a Ways to simplify the estimated tax penalty calculation
|
| 246 |
1 |
7 |
|a Estimated tax penalty calculation
|
| 264 |
|
1 |
|a Washington, D.C. :
|b The Office,
|c [1998]
|
| 300 |
|
|
|a 29 pages :
|b illustrations ;
|c 28 cm.
|
| 336 |
|
|
|a text
|b txt
|2 rdacontent
|
| 337 |
|
|
|a microform
|b h
|2 rdamedia
|
| 338 |
|
|
|a microfiche
|b he
|2 rdacarrier
|
| 500 |
|
|
|a Cover title.
|
| 500 |
|
|
|a "May 1998."
|
| 500 |
|
|
|a "GAO/GGD-98-96."
|
| 500 |
|
|
|a "B-278804"--P. 1.
|
| 500 |
|
|
|a Shipping List #: 99-0118-M
|
| 500 |
|
|
|a Shipping List Date: 12/14/98
|
| 533 |
|
|
|a Microfiche.
|b [Washington, D.C.?] :
|b U.S. General Accounting Office,
|d [2000?]
|e 1 microfiche : negative.
|
| 530 |
|
|
|a Also available via Internet from the GPO Access web site. Address as of 12/17/2001: http://frwebgate.access.gpo.gov/cgi-bin/getdoc.cgi?dbname=gao&docid=f:gg98096.pdf; current access is available via PURL.
|
| 500 |
|
|
|a Microform.
|
| 650 |
|
0 |
|a Tax penalties
|z United States.
|
| 650 |
|
0 |
|a Income tax
|x Law and legislation
|z United States.
|
| 856 |
4 |
1 |
|u https://purl.fdlp.gov/GPO/LPS16579
|z Adobe Acrobat reader required.
|t 0
|
| 999 |
|
|
|a MARS
|
| 999 |
f |
f |
|i 32b64daa-f3a9-32a1-825b-e2ecb6a8d307
|s 2f81bdfd-d8ad-3c4d-a637-d20ac86465a9
|t 0
|
| 952 |
f |
f |
|p normal
|a Texas A&M University
|b College Station
|c Sterling C. Evans Library
|d Evans: US Documents Microfiche (3rd floor)
|t 0
|e GA 1.13:GGD-98-96
|h Superintendent of Documents classification
|i microform -- microfiche
|m A14823199883
|
| 952 |
f |
f |
|a Texas A&M University
|b College Station
|c Electronic Resources
|d Available Online
|t 0
|e GA 1.13:GGD-98-96
|h Superintendent of Documents classification
|
| 998 |
f |
f |
|a GA 1.13:GGD-98-96
|t 0
|l Available Online
|
| 998 |
f |
f |
|a GA 1.13:GGD-98-96
|t 0
|l Evans: US Documents Microfiche (3rd floor)
|